000 01070nam a2200301Ia 4500
001 2877
003 IT-RoPAU
008 130308s9999 xx 000 0 und d
040 _aIT-RoPAU
040 _cIT-RoPAU
041 _aSPAGNOLO
100 _aCampos Martinez Luis
100 _gCodice Aut. SPICS: 8548
245 _aCodigo-Para una educacion liberadora
245 _bCodigo-Para una Educacion Liberadora
250 _a1a ed.
260 _aBOGOTA'
260 _bEdiciones Paulinas
260 _c1973 [1° Ed.:1973 - Ed.Ling.Originale:1973]
300 _a"140 p. (prefazione: no ; testo: 140)"
500 _aCodice per una Educazione Alla Libertà Pedagogia del Linguaggio totale Antropologia Comunicazione Semiologia della Parola degli Oggetti e delle immagini Arte Semiologia Filmica Cinema Fumetto Teatro Musica e Danza fotografia Pubblicità Discoforum Cinesica Televisione Prospettiva Fantascienza
650 _aSAGGI DI ANTROPOLOGIA
650 _eCodice materia Spics: 3507
942 _cBK
957 _71
999 _c66446
_d66446
999 _bSI
999 _g1